000 01859nam a2200301 4500
003 EC-UNACH
005 20251001114835.0
006 s||||gr|||| 00| 00
008 150116t9999 mx r gr 000 0 spa d
020 _a978-950-06-0259-4
040 _aEC-UNACH
_cEC-UNACH
041 _aspa
082 0 4 _223
_a617.6
_bL01107
110 _aEditorial Médica Panamericana
245 _aRadiología odontológica
250 _aSegunda Edición
264 _aMadrid - España
_bEditorial Medica Panamericana
_c2010
300 _a275 páginas
_c17 x 24 cm
_bFiguras, Cuadros
505 _aPrólogo V -- Prefacio VII -- Agradecimientos IX -- PARTE 1. Introducción -- 1. La imagen radiográfica -- PARTE 2. Física de las radiaciones y equipamiento -- 2. Producción, propiedades e interacciones de los rayos X -- 3. Unidades de dosis y dosimetría -- 4. Efectos biológicos y riesgos asociados con los rayos X -- 5. Equipo de rayos X odontológico receptores de imágenes y procesamiento de la imagen -- PARTE 3. Protección ante la radiación -- PARTE 4. Radiografía -- 7. Radiografía dental: consideraciones generales sobre el paciente incluido el control de la infección -- 8. Radiografía periapical -- 9. PARTE 5. Radiología -- 17. Introducción a la interpretación radiológica -- 18. Caries dental y valoración de restauraciones -- 19. Tejidos periapicales -- 20. Tejidos periodontales y enfermedad periodontal -- 21. Evaluación de implantes -- 22. Atlas de enfermedades y anomalías que afectan los maxilares -- Bibliografía y lecturas sugeridas -- Índice analítico.
650 _aRADIACIÓN
650 _aRADIOGRAFIA
650 _aCARIES DENTAL
710 _aEditorial Médica Panamericana
942 _2ddc
_c1
999 _c13962